000 00641cam a2200241 4500
008 090401t1996 xxu||||| |||| 00| 0 eng d
020 _a0421548606
035 _a(Sirsi) u23182
041 _aeng
050 _a346.41059
100 _aHayton, David J.
245 _aHayton and Marshall commentary and cases on the law of trusts and equitable remedies.
250 _a10th ed.
260 _aLondon
_bSweet & Maxwell
_c1996
300 _alxiii,1019p. ; 24cm.
350 _a28.95
650 _aCHARITABLE TRUSTS
650 _aEQUITABLE REMEDIES
650 _aLAW OF TRUSTS
690 _aLAW
942 _n0
948 _c04/03/1997
999 _c88344
_d88344